पर्व अनु -उमा कुलकर्णी (Record no. 1076997)
[ view plain ]
| 000 -LEADER | |
|---|---|
| fixed length control field | 00712nam a2200193Ia 4500 |
| 008 - FIXED-LENGTH DATA ELEMENTS--GENERAL INFORMATION | |
| fixed length control field | 151119s9999||||xx |||||||||||||| ||und|| |
| 082 ## - DEWEY DECIMAL CLASSIFICATION NUMBER | |
| Classification number | 894.8143 |
| 082 ## - DEWEY DECIMAL CLASSIFICATION NUMBER | |
| Item number | GKKV24418 |
| 100 ## - MAIN ENTRY--PERSONAL NAME | |
| Personal name | "भैरप्पा, एस् एल्" |
| 245 ## - TITLE STATEMENT | |
| Title | पर्व अनु -उमा कुलकर्णी |
| 260 ## - PUBLICATION, DISTRIBUTION, ETC. (IMPRINT) | |
| Place of publication, distribution, etc | पुणे |
| 260 ## - PUBLICATION, DISTRIBUTION, ETC. (IMPRINT) | |
| Name of publisher, distributor, etc | मेहता पब्लीशिग हाउस |
| 260 ## - PUBLICATION, DISTRIBUTION, ETC. (IMPRINT) | |
| Date of publication, distribution, etc | 2008 |
| 600 ## - SUBJECT ADDED ENTRY--PERSONAL NAME | |
| Personal name | "भैरप्पा, एस् एल्" |
| 630 ## - SUBJECT ADDED ENTRY--UNIFORM TITLE | |
| Uniform title | पर्व अनु -उमा कुलकर्णी |
| 700 ## - ADDED ENTRY--PERSONAL NAME | |
| Personal name | "भैरप्पा, एस् एल्" |
| 730 ## - ADDED ENTRY--UNIFORM TITLE | |
| Uniform title | पर्व अनु -उमा कुलकर्णी |
| 942 ## - ADDED ENTRY ELEMENTS (KOHA) | |
| Koha item type | Book |
| Withdrawn status | Lost status | Damaged status | Not for loan | Home library | Current library | Date acquired | Cost, normal purchase price | Total Checkouts | Full call number | Barcode | Date last seen | Cost, replacement price | Price effective from | Koha item type |
|---|---|---|---|---|---|---|---|---|---|---|---|---|---|---|
| G.K. Khandekar Vachanalaya, Mulund | G.K. Khandekar Vachanalaya, Mulund | 12/24/2008 | 0.00 | GKKV24418 | GKKV24418 | 11/19/2015 | 0.00 | 11/19/2015 | Book |